000
00316nam a22001457a 4500
008
210427b ||||| |||| 00| 0 eng d
020
_a
9780312452315
041
_a
eng
080
_2
6th
_a
37
082
_a
37
100
_a
46
101
_a
EDU
245
_a
A Writer's Reference
_c
Wanda V. Goor
942
_2
udc
_c
BK
999
_c
56850
_d
56850